000 00268nam a22001217a 4500
008 170914b xxu||||| |||| 00| 0 eng d
041 _aeng
080 _a4
100 _a44
101 _aART
245 _aPANTOMIME THE SILENT THEATRE
_cHUNT.K
942 _2udc
_cBK
999 _c27622
_d27622